Más allá del Estado nacional / (Record no. 10765)

MARC details
000 -LEADER
fixed length control field 00708nam a22002177a 4500
005 - DATE AND TIME OF LATEST TRANSACTION
control field 20250226164927.0
008 - FIXED-LENGTH DATA ELEMENTS--GENERAL INFORMATION
fixed length control field 250226b ||||| |||| 00| 0 spa d
020 ## - INTERNATIONAL STANDARD BOOK NUMBER
International Standard Book Number 84-8164-144-8
082 ## - DEWEY DECIMAL CLASSIFICATION NUMBER
Edition number 14
Classification number 943
100 1# - MAIN ENTRY--PERSONAL NAME
Personal name Habermas, Jürgen
9 (RLIN) 5535
245 10 - TITLE STATEMENT
Title Más allá del Estado nacional /
Statement of responsibility, etc Jürgen Habermas, traductor Manuel Jiménez Redondo
260 ## - PUBLICATION, DISTRIBUTION, ETC. (IMPRINT)
Place of publication, distribution, etc Madrid:
Name of publisher, distributor, etc Trotta,
Date of publication, distribution, etc 1997
300 ## - PHYSICAL DESCRIPTION
Extent 185 p.
440 ## - SERIES STATEMENT/ADDED ENTRY--TITLE
Title Colección Estructuras y Procesos
9 (RLIN) 21294
Name of part/section of a work Serie Filosofía
650 27 - SUBJECT ADDED ENTRY--TOPICAL TERM
Topical term or geographic name as entry element HISTORIA
9 (RLIN) 600
Source of heading or term unescot
650 27 - SUBJECT ADDED ENTRY--TOPICAL TERM
Topical term or geographic name as entry element POLITICA
9 (RLIN) 548
Source of heading or term unescot
650 27 - SUBJECT ADDED ENTRY--TOPICAL TERM
Topical term or geographic name as entry element ESTADO
9 (RLIN) 1075
Source of heading or term unescot
651 27 - SUBJECT ADDED ENTRY--GEOGRAPHIC NAME
9 (RLIN) 6176
Geographic name ALEMANIA
Source of heading or term unescot
700 1# - ADDED ENTRY--PERSONAL NAME
9 (RLIN) 21295
Personal name Jiménez Redondo, Manuel
Relator term trad.
942 ## - ADDED ENTRY ELEMENTS (KOHA)
Source of classification or shelving scheme Dewey Decimal Classification
Item type Libro, folleto, traducción
980 ## - EQUIVALENCE OR CROSS-REFERENCE-SERIES STATEMENT--PERSONAL NAME/TITLE [LOCAL, CANADA]
Linkage 19226
Personal name Palazón Marcela I.
Field link and sequence number 19226
Miscellaneous information Palazón Marcela I.
Holdings
Withdrawn status Lost status Source of classification or shelving scheme Damaged status Not for loan Home library Current library Date acquired Total Checkouts Full call number Barcode Date last seen Copy number Price effective from Koha item type
    Dewey Decimal Classification     Biblioteca Central Biblioteca Central 26/02/2025   943 HAB UNAJ25020220 26/02/2025 1 26/02/2025 Libro, folleto, traducción

Lunes a Viernes 8:30 a 19:00 hs. Cerrado por mudanza
Av.Calchaqui 6200 Florencio Varela (CP188) 2°piso Edificio Mosconi Aula 209-210
Mail: bibliotecacentralunaj@gmail.com  
Whatsapp(54 9)1122668024    ❔Pregunte a la bibliotecaria
© Universidad Nacional Arturo Jauretche | Secretaría Académica | Biblioteca Central UNAJ